Topological nonlinear analysis : degree, singularity, and variations /
Guardado en:
| Otros Autores: | , |
|---|---|
| Formato: | Libro |
| Idioma: | English |
| Publicado: |
Boston :
Birkhäuser,
c1995.
|
| Series: | Progress in nonlinear differential equations and their applications ;
v. 15 |
| Etiquetas: |
Agregar Etiqueta
Sin Etiquetas, Sea el primero en etiquetar este registro!
|
| LEADER | 00979nam a22002295a 4500 | ||
|---|---|---|---|
| 001 | MAT.inmabb000197 | ||
| 008 | 940629s1995####maua#####b####000#0#eng## | ||
| 005 | 20160406162643.0 | ||
| 245 | 0 | 0 | |a Topological nonlinear analysis : |b degree, singularity, and variations / |c Michele Matzeu, Alfonso Vignoli, editors. |
| 260 | |a Boston : |b Birkhäuser, |c c1995. | ||
| 300 | |a vi, 531 p. ; |c 25 cm. | ||
| 440 | 0 | |a Progress in nonlinear differential equations and their applications ; |v v. 15 | |
| 500 | |a "Most of the material was presented at the Topological Analysis Workshop on Degree, Singularity and Variations, held in May 1993 at Villa Campitelli, Frascati." | ||
| 504 | |a Includes bibliographical references. | ||
| 510 | 4 | |a MR, |c 95i:58006 | |
| 020 | |a 0817637427 | ||
| 020 | |a 3764337427 | ||
| 700 | 1 | |a Matzeu, M. |q (Michele) |4 edt | |
| 700 | 1 | |a Vignoli, Alfonso, |d 1940- |4 edt | |
| 084 | |a 58-06 (49Q20 58Exx) |2 msc2000 |9 2000 | ||
| 010 | |a 94005251 | ||
| 859 | |h 58 |i M446 |p A-7917 |b BIB. MATEMATICA | ||
